Tales and Sketches: Including Twice - told Tales, Mosses from an Old; Manse, and the Snow - Image. A Wonder book for girls and boys. Tanglewood tales for girls and boys; Being a Second wonder book

Gardado en:
Detalles Bibliográficos
Autor Principal: Hawthorne, Nathaniel
Formato: Libro
Idioma:English
Publicado: New York, Estados Unidos The Library of America 1982
Materias:
Etiquetas: Engadir etiqueta
Sen Etiquetas, Sexa o primeiro en etiquetar este rexistro!

MARC

LEADER 00000nam a2200000Ia 4500
008 170316s9999 xx 000 0 eng d
040 |a cru BVZT 
090 |a E-810 H-1t 
100 |a Hawthorne, Nathaniel 
245 |a Tales and Sketches: Including Twice - told Tales, Mosses from an Old; Manse, and the Snow - Image. A Wonder book for girls and boys. Tanglewood tales for girls and boys; Being a Second wonder book 
260 |a New York, Estados Unidos 
260 |b The Library of America 
260 |c 1982 
300 |a 1493 páginas 
650 |a LITERATURA ESTADOUNIDENSE - COLECCIÓN ESPECIAL 
650 |a CUENTOS 
650 |a ESQUEMAS 
942 |c SALA 
999 |c 13281  |d 13281